000
00218 a2200097 4500
001
32916
100
_a
Imtiaz Ahmed
245
_a
Cricket Coaching [Urdu]
260
_a
Lahore
_b
Feroz Sons
_c
1997
090
_c
22070
_d
22070
942
_a
NUST-CAE
_c
M
_c
13415
999
_c
267989
_d
267989